O balãozinho vermelho (Registo nº 3824)

Detalhes MARC
000 -Etiqueta do registo
Cabeçalho 00489cam a2200205 i 4500
005 - Identificador da versão
Campo de controlo 20240813122045.0
095 ## -
-- PTBN00252188
100 ## - Dados gerais de processamento
Dados gerais de processamento 19891030d1980 a y0pory5003 ba
102 ## - Pais de publicação ou produção
País de publicação Portugal
101 1# - Língua de publicação
Língua do texto, banda sonora, etc. Português
215 ## - Descrição física 
Indicação específica da natureza do documento e extensão da espécie [32] p.
Outras indicações físicas il
200 1# - Titulo e menção de responsabilidade
Título próprio O balãozinho vermelho
Primeira menção de responsabilidade Iela Mari
210 ## - Publicação, Distribuição, etc. 
Lugar da edição, distribuição, etc. Lisboa
Nome do editor, distribuidor, etc. Sá da Costa
Data da publicação, distribuição, etc. imp. 1980
675 ## - Classificação Decimal Universal (CDU)
Notação 087.5
Edição BN
Língua da edição por
700 #1 - Nome de autor-pessoa física (responsabilidade principal)
Número de registo de entrada de autoridade 0000260
Palavra de ordem Mari
Outra parte do nome não tomada para palavra de ordem Lela
942 ## - Elementos de entrada adicionados (Koha)
Tipo de item no Koha Livro
Exemplares
Situação do levantamento Origin of item (home branch) (coded) Biblioteca de empréstimo Código de barras Cota Circulation type (not for loan) Tipo de documento Nota do exemplar Damaged status
  Biblioteca Escolar das Vendas Biblioteca Escolar das Vendas BEV362 8EST MAR   Livro Sem mensagem